El nivel educativo sube (Registro nro. 7936)

Detalles MARC
000 -LEADER
fixed length control field 01288 a2200241 4500
001 - CONTROL NUMBER
control field 63035
005 - DATE AND TIME OF LATEST TRANSACTION
control field 20260407155925.0
008 - FIXED-LENGTH DATA ELEMENTS--GENERAL INFORMATION
fixed length control field 260407a1990 arg spa d
003 - CONTROL NUMBER IDENTIFIER
control field AR-UNSa-BCEJYS
040 ## - CATALOGING SOURCE
Original cataloging agency AR-UNSa-BCEJYS
Language of cataloging spa
Transcribing agency AR-UNSa-BCEJYS
080 ## - UNIVERSAL DECIMAL CLASSIFICATION NUMBER
Universal Decimal Classification number 37.015.4
Common auxiliary subdivision Sociología de la educación
020 ## - INTERNATIONAL STANDARD BOOK NUMBER
International Standard Book Number 978-84-7112-343-5
041 ## - LANGUAGE CODE
Language code of text/sound track or separate title spa
100 1# - MAIN ENTRY--PERSONAL NAME
Personal name Baudelot, Christian
245 10 - TITLE STATEMENT
Title El nivel educativo sube
Name of part/section of a work Refutación de una antigua idea sobre la pretendida decadencia de nuestras escuelas
264 #1 - PRODUCTION, PUBLICATION, DISTRIBUTION, MANUFACTURE, AND COPYRIGHT NOTICE
Place of production, publication, distribution, manufacture Madrid :
Name of producer, publisher, distributor, manufacturer Ediciones Morata
Date of production, publication, distribution, manufacture, or copyright notice 1990
300 ## - PHYSICAL DESCRIPTION
Extent 167 p.
Dimensions 21 cm.
505 ## - FORMATTED CONTENTS NOTE
Formatted contents note 1. Desde hace cuatro mil años caían en el abismo - 2. Medidas difíciles - 3. El crecimiento de los títulos - 4. La mejora de las calificaciones - 5. Los progresos de los rendimientos - 6. Obras consagradas - 7. El nivel alto, un nivel controlado - 8. Elitismo: ¿Dice usted republicano? - 9. Un centro poco centrado - 10. triunfar en el LEP - 11. El difícil acceso a los conocimientos básicos - 12. El nivel, historia de una palabra - 13. El bachillerato o la institución del nivel - 14. El nivel, un organizador social - 15. Por un SMIC cultural -
590 ## - LOCAL NOTE (RLIN)
Local note niveau_biblio:m niveau_hierar:0
700 1# - ADDED ENTRY--PERSONAL NAME
Personal name Establet, Roger
700 1# - ADDED ENTRY--PERSONAL NAME
Personal name Solana, Guillermo
942 ## - ADDED ENTRY ELEMENTS (KOHA)
Koha item type
Existencias
Withdrawn status Lost status Damaged status Not for loan Home library Current library Shelving location Date acquired Total checkouts Full call number Barcode Date last seen Price effective from Koha item type
        Biblioteca Prof. Eusebio Cleto del Rey Biblioteca Prof. Eusebio Cleto del Rey   07/04/2026   37.015.4 B338 L69920 07/04/2026 07/04/2026 Libro